Statistics for Countries of the World in 1600AD

Click here to take the quiz!

General Stats

  • This quiz has been taken 174 times
  • The average score is 16 of 76

Answer Stats

Answer% Correct
England
86%
France
86%
Spain
85%
Russia
78%
Scotland
78%
Denmark
75%
Sweden
75%
Japan
74%
Ottomans
72%
Holy Roman Empire
70%
Austria
67%
Joseon
57%
Persia
51%
Venice
47%
Mongol
43%
Ethiopia
40%
Papal States
40%
Ming
35%
Poland-Lithuania
34%
Saadi
31%
Vietnam
31%
Genoa
30%
Burma
28%
Mali
28%
Knights of Malta
24%
Cambodia
23%
Nepal
22%
Tibet
21%
Oman
20%
Kongo
13%
Brunei
12%
Mughals
12%
Ayutthaya
10%
Kazakh
10%
Benin
7%
Aceh
6%
Champa
6%
Bukhara
5%
Lan Xang
5%
Burundi
4%
Johor
4%
Khiva
4%
Nogai
4%
Rwanda
4%
Assam
3%
Oyo
3%
Sulu
3%
Vijayanagara
3%
Bidar
2%
Kandy
2%
Kutai
2%
Luba
2%
Rozwi
2%
Ahmadnagar
1%
Banjarmasin
1%
Banten
1%
Berau
1%
Bijapur
1%
Bornu
1%
Buganda
1%
Bunyoro
1%
Dendi
1%
Golkonda
1%
Hausa
1%
Kashgar
1%
Ladakh
1%
Maguindanao
1%
Manipur
1%
Mataram
1%
Mrauk
1%
Mutapa
1%
Palembang
1%
Sennar
1%
Ternate
1%
Tidore
1%
Jambi
0%

Score Distribution

Percentile by Number Answered

Percent of People with Each Score

Your Score History

You have not taken this quiz